000 00319nam a2200133Ia 4500
005 20251222142010.0
008 251222s9999||||xx |||||||||||||| ||spa||
020 _a9968-41-007-1
082 _a246.45/S28
100 _aScala, Jorge
245 0 _aEl Aborto en Preguntas y Respuestas
264 _bPromesa
942 _cLIB
999 _c10296
_d10296